Jurisprudencia: delitos contra la seguridad del estado

محفوظ في:
التفاصيل البيبلوغرافية
المؤلف الرئيسي: Campusano Hidalgo, Lautaro (مؤلف)
التنسيق: كتاب
اللغة:الإسبانية
منشور في: Santiago Arzobispado de Santiago 1991
الموضوعات:
الوسوم: إضافة وسم
لا توجد وسوم, كن أول من يضع وسما على هذه التسجيلة!

MARC

LEADER 00000nam a2200000 a 4500
001 UCL4936
003 CL-VaPUC
008 040227e19910000CL |||||||||||||||||spa|d
082 0 4 |a 364.138  |b CAM  |2 21 
100 0 |a Campusano Hidalgo, Lautaro  |e author  |9 482660 
245 1 0 |a Jurisprudencia: delitos contra la seguridad del estado 
300 |a v 
942 |c BK 
945 |d 20040227 00:00:00  |a cmena 
260 |a Santiago  |b Arzobispado de Santiago  |c 1991 
650 7 |a SEGURIDAD DEL ESTADO  |2 CL-VaPUC  |9 336838 
650 7 |a DELITOS POLITICOS  |2 CL-VaPUC  |9 256092 
650 7 |a CONSEJOS DE GUERRA  |2 CL-VaPUC  |9 400164 
650 0 |a Derecho civil chileno  |9 320612 
650 0 |a Jurisprudencia  |9 255952 
650 0 |a Derechos humanos  |9 223025 
583 |a last modification  |c 20040227 00:00:00  |k Rodrigo Vera 
999 |c 307686  |d 307684 
952 |0 0  |1 0  |4 0  |6 364_138000000000000_CAM_1991  |7 0  |8 A  |9 373749  |a BIBDER  |b BIBDER  |d 2019-11-21  |h v.2 p.2  |i 2534169  |o 364.138 CAM 1991  |p 2534169  |r 2023-01-25  |w 2019-11-21  |y BK  |k DER 
952 |0 0  |1 0  |4 0  |6 364_138000000000000_CAM_1991  |7 0  |8 A  |9 373750  |a BIBDER  |b BIBDER  |d 2019-11-21  |h v.2 p.3  |i 2534177  |o 364.138 CAM 1991  |p 2534177  |r 2023-01-25  |w 2019-11-21  |y BK  |k DER